banner-ar

تاج التراجم فى من صنف من الحنفية / (Record no. 36756)

MARC details
000 -الفاتح
حقل البيانات ثابتة الطول 00968nam a2200229Ia 4500
005 - وقت وتاريخ اخر تعامل مع التسجيلة
رقم الضبط 20240530103105.0
008 - عناصر البيانات ثابتة الطول - معلومات عامة
حقل البيانات ثابتة الطول 140319s1992 xx 000 0 ara d
040 ## - مصدر الفهرسة
وكالة الفهرسة الأصلية GCL /
وكالة النسخ GCL
082 04 - رقم تصنيف ديوى العشرى
رقم المادة 922.581 /
-- ق ت
100 1# - المدخل الرئيسى - إسم شخصى
الإسم الشخصى ابن قطلوبغا الحنفى : زين الدين ابى العدل القاسم
245 10 - بيان العنوان
العنوان تاج التراجم فى من صنف من الحنفية /
بيان المسئوليه,etc تاليف ابن قطلوبغا الحنفى : زين الدين ابي العدل القاسم ؛ محقق ابراهيم صالح
250 ## - بيان الطبعة
بيان الطبعة الاولى
260 ## - PUBLICATION, DISTRIBUTION, ETC. (IMPRINT)
تاريخ النشر أو التوزيع 1992
300 ## - الوصف المادى
التعداد 418 ص؛
أبعاد الوعاء 24 سم
490 ## - بيان السلسلة
عنوان السلسلة مطبوعات مركز جمعة الماجد للثقافة والتراث
650 04 - المدخل الاضافى بالموضوع-مصطلح موضوعى
مصطلح موضوعي الفقهاء
650 04 - المدخل الاضافى بالموضوع-مصطلح موضوعى
مصطلح موضوعي التراجم
650 04 - المدخل الاضافى بالموضوع-مصطلح موضوعى
مصطلح موضوعي الفقهاء الاحناف
700 1# - المدخل الاضافى - اسم شخصى
الإسم الشخصى ابراهيم صالح
الدور محقق
942 ## - عناصر المدخل الإضافي( كوها)
مصدر التصنيف او مخطط الترفيف Dewey Decimal Classification
Koha [default] item type كتاب
260 ## - PUBLICATION, DISTRIBUTION, ETC. (IMPRINT)
-- بيروت :
-- دار المامون،
Holdings
حالة التراجع حالة الفقد حالة تلف ليس للاعارة المكان المؤقت الموقع الحالى موقع الترفيف تاريخ الاكتساب اجمالي اﻻعارات رقم الطلب الباركود تاريخ اخر مشاهدة تاريخ تفعيل السعر نوع وعاء كوها
        مكتبة القاهرة الكبرى مكتبة القاهرة الكبرى ق الرئيسية_التاريخ والجغرافيا_ك عربى 03/26/2014   922.581\ ق ت 89398 03/26/2014 03/26/2014 كتاب

Powered By

EGPV